000 00668cab a2200217 4500
001 WB3027-50
008 090401t1994 xxu||||| |||| 00| 0 eng d
035 _a(Sirsi) u4602
041 _aeng
245 _aFailure to comply with term is a contravention
260 _c1994
350 _a0
490 _aTimes
_v14 July 1994, 42(1)
520 _a"Taylor Woodrow Property Management Ltd v National Rivers Authority" QBD 6 July 1994. Failure to comply with s85 of the Water Resource Act 1991 is an offence.
650 _aPOLLUTION
650 _aRIVERS
650 _aWATER RESOURCES ACT 1991 S85
690 _aWATER-CASE LAW
942 _n0
948 _c04/03/1997
999 _c2785
_d2785